| 000 | 00964cam a2200241 4500 | ||
|---|---|---|---|
| 001 | WB3802-10 | ||
| 008 | 020115n2002 000 0 eng u | ||
| 035 | _a(Sirsi) u116304 | ||
| 245 | _aRental growth slowdown in 2002 | ||
| 260 | _c2002 | ||
| 490 |
_aUK Economic Brief (RICS) _v December 2001/January 2002, (1) |
||
| 520 | _aAll commercial property rental growth is expected to slow to 2.5% in 2002 and 3.1% in 2003, down from an estimated 4.3% in 2001. The mild slowdown in the economy is expected to continue into the first half of 2002 before interest rate reductions taken this year boost activity, supporting demand for commercial premises. | ||
| 590 | _aWB | ||
| 650 | _aRENTAL GROWTH | ||
| 650 | _aECONOMIC ISSUES | ||
| 650 | _aFORECASTS | ||
| 650 | _aOFFICE SECTOR | ||
| 650 | _aRETAIL SECTOR | ||
| 650 | _aINDUSTRIAL SECTOR | ||
| 650 | _aSERVICE SECTOR | ||
| 690 | _aPROPERTY-COMMERCIAL PROPERTY-COMMERCIAL PROPERTY MARKET | ||
| 942 | _n0 | ||
| 999 |
_c69282 _d69282 |
||